Pacific Coast States - Statistics

General Stats
  • This quiz has been taken 26 times
  • The average score is 5 of 5
Answer Stats
State % Correct
California
100%
Washington
100%
Oregon
96%
Alaska
83%
Hawaii
79%
No matching quizzes found
Score Distribution
Percent of People with Each Score
Percentile by Number Answered
Your Score History
You have not taken this quiz